Statistics for Top 15 Biggest UK Cities or Towns beginning with........B

Click here to take the quiz!

General Stats

  • This quiz has been taken 82 times
  • The average score is 8 of 15

Answer Stats

Hint Answer % Correct
1Birmingham
95%
2Bristol
88%
4Belfast
78%
5Brighton
78%
7Bournemouth
71%
3Bradford
70%
9Blackpool
65%
14Bath
60%
6Bolton
57%
8Blackburn
48%
15Barnsley
47%
11Bedford
31%
12Basingstoke
25%
10Birkenhead
17%
13Basildon
14%

Score Distribution

Percentile by Number Answered

Percent of People with Each Score

Your Score History

You have not taken this quiz